000 00877nam0a22002771 4500
001 v19\rc\1297155
005 20250618020057.0
035 _a(NLR Aleph) 004443447
090 _a4430503
_c4430503
100 _a20060306d1863 |||y0rusy50 ca
101 0 _arus
102 _aRU
105 _aa z |||||
200 1 _aРазделение угла на три равные части
_eРешение г.-м. Полуэктова
210 _aСанкт-Петербург
_cтип. Мор. м-ва
_d1863
215 _a[2], 10 с., 6 л. черт.
_d23
700 1 _aПолуэктов
_bС.С.
_f-1877
_gСемен Семенович
801 0 _aRU
_bNLR
_gpsbo
801 0 _aRU
_bRuMoRGB
_2psbo
801 1 _aRU
_bProSoft-M
_2rusmarc
852 _aNLR
_j18.97.1.12
899 _aRuMoRGB
_jR 46/589
899 _aRuMoRGB
_jR 8/355
899 _aБАН
942 _cBOOK
980 _aNB